Word Answers That End in "-cle" - Statistics

General Stats
  • This quiz has been taken 276 times
    27 since last reset
  • The average score is 15 of 24
Answer Stats
Hint Word % Correct
A parent's brother or aunt's husband uncle
100%
Crustacean that attaches itself to the underside of ships barnacle
96%
Liquid-based frozen snack on a stick popsicle
96%
A spike of ice formed when water falling from an object freezes icicle
88%
In grammar, the part of speech of "a", "an", and "the" article
79%
The official name of the collarbone clavicle
79%
Partially enclosed office workspace separated by partitions cubicle
79%
The thickened layer of skin surrounding fingernails and toenails cuticle
79%
Flexible, mobile, and elongated organ present in some animals, like squid tentacle
79%
Male reproductive gland or gonad in all bilaterians, including humans testicle
79%
The sockets from which hairs grow in humans and other mammals follicle
71%
Corrective lens used in only one eye monocle
71%
One of the two large pumping chambers of the heart ventricle
71%
A small turret or spire, the highest point, the culmination pinnacle
63%
A historical account of events, arranged from beginning to end chronicle
58%
Event inexplicable by natural laws and attributed to a supernatural cause miracle
54%
Person considered to provide prophetic predictions, such as at Delphi oracle
54%
One word for trash can, or any container that receives receptacle
54%
An event that is memorable for the appearance it creates spectacle
46%
Popular quiz site that is not as good as JetPunk Sporcle
46%
An event that turns out to be a disaster debacle
33%
Skin eruption larger than a boil with several openings carbuncle
25%
Uncrystallised syrup made during the refining of sugar treacle
25%
The portable earthly dwelling place of Yahweh (the God of Israel) tabernacle
21%
No matching quizzes found
Score Distribution
Percent of People with Each Score
Percentile by Number Answered
Your Score History
You have not taken this quiz since the last reset